| 000 | 00694nam a2200205 a 4500 | ||
|---|---|---|---|
| 005 | 20140414132103.0 | ||
| 008 | 100722s19uu xx 00 eng d | ||
| 020 | _a9781595665607 | ||
| 050 |
_aM 597 _bH84 2008 |
||
| 100 | _aHuggins-Cooper, Lynn. | ||
| 245 | _aFreaky fish. | ||
| 260 |
_aLaguna Hills, CA : _bQEB pub, _c2008. |
||
| 300 | _a32 p. | ||
| 440 | _aAwesome animals | ||
| 500 | _aIncludes index. | ||
| 520 | _a"Describes unusual species of fish and their unique features that help them adapt to their ocean habitats"--Provided by publisher. | ||
| 650 | _aFishes --Miscellanea --Juvenile literature. | ||
| 650 | _aFishes --Physiology --Juvenile literature. | ||
| 999 |
_c114511 _d114511 |
||